Messi ... or Ronaldo? - Statistics

General Stats
  • This quiz has been taken 43 times
  • The average score is 12 of 15
Answer Stats
Question Answer % Correct
Played for Manchester United Ronaldo
97%
Has Won A Ballon ' Dor Both
95%
Has Won A Champions League Both
92%
Has Won A World Cup Messi
92%
5 UCL's Ronaldo
92%
Was Born In South America Messi
89%
Has Played In Serie A Ronaldo
89%
Is A Leftie Messi
86%
Is A Right Winger Messi
78%
Has Won A Continental Tournament Both
76%
Has Played For An Asian Club Ronaldo
76%
Has Won A Puskas Award Ronaldo
73%
Had A Poor Family Both
59%
Their Prime Club Winning A Treble Messi
49%
Has Played For A South American Club None
41%
No matching quizzes found
Score Distribution
Percent of People with Each Score
Percentile by Number Answered
Your Score History
You have not taken this quiz